Every Song by Cake - Statistics

General Stats
  • This quiz has been taken 25 times
    24 since last reset
  • The average score is 14 of 73
Answer Stats
Album Song % Correct
Fashion Nugget(1996) The Distance
95%
Comfort Eagle(2001) Short Skirt/Long Jacket
79%
Fashion Nugget(1996) Nugget
68%
Comfort Eagle(2001) Comfort Eagle
58%
Fashion Nugget(1996) Frank Sinatra
58%
Prolonging the Magic(1998) Mexico
42%
Prolonging the Magic(1998) Never There
42%
Fashion Nugget(1996) Daria
37%
Fashion Nugget(1996) Open Book
37%
Fashion Nugget(1996) Italian Leather Sofa
32%
Comfort Eagle(2001) Love You Madly
32%
Prolonging the Magic(1998) Sheep Go to Heaven
32%
Comfort Eagle(2001) Commissioning a Symphony in C
26%
Prolonging the Magic(1998) Guitar
26%
Fashion Nugget(1996) It's Coming Down
26%
Prolonging the Magic(1998) Let Me Go
26%
Prolonging the Magic(1998) Satan is My Motor
26%
Fashion Nugget(1996) Stickshifts and Safetybelts
26%
Pressure Chief(2004) Wheels
26%
Motorcade of Generosity(1994) Comanche
21%
Fashion Nugget(1996) Friend is a Four Letter Word
21%
Prolonging the Magic(1998) Hem of Your Garment
21%
Motorcade of Generosity(1994) Jolene
21%
Comfort Eagle(2001) Long Line of Cars
21%
Showroom of Compassion(2011) Mustache Man (Wasted)
21%
Pressure Chief(2004) No Phone
21%
Comfort Eagle(2001) Opera Singer
21%
Fashion Nugget(1996) Race Car Ya-Yas
21%
Motorcade of Generosity(1994) Rock 'n' Roll Lifestyle
21%
Comfort Eagle(2001) Shadow Stabbing
21%
Prolonging the Magic(1998) Alpha Beta Parking Lot
16%
Pressure Chief(2004) Dime
16%
Comfort Eagle(2001) Meanwhile, Rick James...
16%
Pressure Chief(2004) Palm of Your Hand
16%
Showroom of Compassion(2011) Sick of You
16%
Non-Album(2018) Sinking Ship
16%
Showroom of Compassion(2011) Teenage Pregnancy
16%
Comfort Eagle(2001) Arco Arena
11%
Pressure Chief(2004) Carbon Monoxide
11%
Prolonging the Magic(1998) Cool Blue Reason
11%
Showroom of Compassion(2011) Easy to Crash
11%
Showroom of Compassion(2011) Federal Funding
11%
Motorcade of Generosity(1994) Haze of Love
11%
Motorcade of Generosity(1994) I Bombed Korea
11%
Showroom of Compassion(2011) Italian Guy
11%
Motorcade of Generosity(1994) Mr. Mastodon Farm
11%
Comfort Eagle(2001) Pretty Pink Ribbon
11%
Fashion Nugget(1996) She'll Come Back to Me
11%
Pressure Chief(2004) She'll Hang the Baskets
11%
Pressure Chief(2004) Take it All Away
11%
Pressure Chief(2004) The Guitar Man
11%
Showroom of Compassion(2011) The Winter
11%
Pressure Chief(2004) Tougher Than It Is
11%
Pressure Chief(2004) Waiting
11%
Prolonging the Magic(1998) Walk on By
11%
Prolonging the Magic(1998) When You Sleep
11%
Prolonging the Magic(1998) Where Would I Be?
11%
Motorcade of Generosity(1994) You Part the Waters
11%
Motorcade of Generosity(1994) Ain't No Good
5%
Showroom of Compassion(2011) Bound Away
5%
B-Sides and Rarities(2007) Conroy
5%
Pressure Chief(2004) End of the Movie
5%
Showroom of Compassion(2011) Got to Move
5%
Showroom of Compassion(Bonus)(2011) Huge Misunderstanding
5%
Motorcade of Generosity(1994) Is This Love?
5%
Motorcade of Generosity(1994) Jesus Wrote a Blank Check
5%
Showroom of Compassion(2011) Long Time
5%
Motorcade of Generosity(1994) Pentagram
5%
Motorcade of Generosity(1994) Ruby Sees All
5%
Showroom of Compassion(Bonus)(2011) The Federal Funding March
5%
Motorcade of Generosity(1994) Up So Close
5%
Comfort Eagle(2001) World of Two
5%
Prolonging the Magic(1998) You Turn the Screws
5%
No matching quizzes found
Score Distribution
Percent of People with Each Score
Percentile by Number Answered
Your Score History
You have not taken this quiz since the last reset